Introduction à la culture africaine : aspects généraux /

محفوظ في:

المؤلف الرئيسي: Sow, Alfâ Ibrâhîm (مؤلف)

مؤلف مشترك: Unesco.

التنسيق: كتاب

اللغة: French

منشور في: Paris : Union generale d'editions, 1977.

الموضوعات:

الوسوم: إضافة وسم

لا توجد وسوم, كن أول من يضع وسما على هذه التسجيلة!

رقم الطلب: DT14 .I59 1977

LEADER 00814namaa2200265 4500
001 12589
003 OSt
005 20250513123711.0
008 130303s1977 fr b 000 0 fre d
010 |a 78376492 
020 |a ** 
020 |a 2264001984 
040 |c ARCE Library 
043 |a f------ 
050 4 |a DT14 .I59 1977 
100 1 |a Sow, Alfâ Ibrâhîm,  |e author  |9 40335 
245 1 0 |a Introduction à la culture africaine :   |b aspects généraux /   |c par Alpha I. Sow, Ola Balogun, Honorat Aguessy, Pathé Diagne ; [publié par l'] Unesco. 
264 1 |a Paris :  |b Union generale d'editions,  |c 1977. 
300 |a 311 pages ;  |c 18 cm. 
504 |a Includes bibliographical references.  
651 0 |a Africa  |x Civilization. 
710 2 |a Unesco. 
901 |a reviewed 
942 |c BK  |2 lcc 
999 |c 12795  |d 12795